000 00834nam a22002295a 4500
003 OSt
005 20170226154101.0
008 170226s2001 ua frb 000 0 ara d
015 _a2001 / 2119
020 _a9770432636
040 _aEG-ScBUE
_bara
_cEG-ScBUE
082 0 4 _a343.0994
_bم ح م
_222
100 1 _aمحمود، محمود حجازي.
245 1 2 _aالنظام القانوني الدولي للاتصالات بالأقمار الصناعية /
_cمحمود حجازي محمود.
260 _aالقاهرة :
_bدار النهضة العربية،
_c2001.
300 _a435 ص. ؛
_c24 سم.
504 _aيشتمل على إرجاعات ببليوجرافية.
650 7 _aالأقمار الصناعية (قانون دولي)
_2BUEsh
651 _2BUEsh
653 _bLLAAWW
_cFebruary2017
942 _2ddc
999 _c24269
_d24241